000 00710nam a2200217Ii 4500
003 JO-AjNU
008 230605s9999||||xx |||||||||||||| ||und||
017 _a1980/1139
040 _aJO-AjNU
_bara
_erda
_cJO-AjNU
041 _aara
050 1 4 _aPJ7862.A57.A17 1980
100 3 _aتأليف كاظم،سلام,
_eauthor
_910218
245 0 0 _aدخان المنزل: شعر
264 3 1 _aبغداد: دار الرشيد، 1980 ؛ بغداد: وزارة الثقافة،1980
300 _a260ص
336 _atext
_btxt
_2rdacontent
337 _aunmediated
_bn
_2rdamedia
338 _avolume
_bnc
_2rdacarrier
490 0 _aسلسلة كتابات جديدة (51)
650 4 _aالشعر العربي
_910219
999 _aA1695
_c5263
_d5263